Statistics for Countries Narashima Rao visited

Click here to take the quiz!

General Stats

  • This quiz has been taken 13 times
  • The average score is 19 of 30

Answer Stats

ContinentCountry% Correct
South AmericaArgentina
91%
South AmericaBrazil
82%
South AmericaColombia
82%
EuropeFrance
82%
EuropeGermany
82%
Asia/ EuropeRussia
82%
EuropeUnited Kingdom
82%
North AmericaUnited States of America
82%
AsiaVietnam
73%
AsiaChina
64%
AfricaEgypt
64%
AsiaKazakhstan
64%
AsiaKyrgyzstan
64%
AsiaSingapore
64%
EuropeSwitzerland
64%
Asiathe Maldives
64%
AfricaZimbabwe
64%
EuropeDenmark
55%
AsiaIran
55%
AsiaMalaysia
55%
AfricaMauritius
55%
AsiaSouth Korea
55%
EuropeSpain
55%
AsiaTurkmenistan
55%
AsiaUzbekistan
55%
AsiaBhutan
45%
AsiaOman
45%
AsiaSri Lanka
45%
AfricaGhana
36%
AfricaBurkina Faso
9%

Score Distribution

Percentile by Number Answered

Percent of People with Each Score

Your Score History

You have not taken this quiz